000 00233nam a2200097Ia 4500
008 220204s9999 xx 000 0 und d
082 _a635.054
_bFAO
245 0 _aTree growing by rural people
260 _aRome
_bFAO
_c1985
942 _cBK
999 _c39509
_d39509